Piłkarska kariera Fabio Cannavaro. - Statystyki

Ogólne statystyki
  • Ten quiz został rozwiązany 61 razy
  • Średni wynik to 4 z 8
Statystyki odpowiedzi
Lata Drużyna % Poprawnych
2004-2006 Juventus
92%
2009-2010 Juventus
92%
2006-2009 Real Madryt
84%
2002-2004 Inter
73%
1995-2002 Parma
57%
1992-1995 Napoli
33%
2010-2012 Al-Ahli
4%
2012-2012 Bengal Tuskers
2%
Nie znaleziono quizów pasujących do podanych kryteriów
Rozkład punktacji
Procent ludzi z każdym wynikiem
Percentyl według liczby udzielonych odpowiedzi
Twoja historia wyników
Nie rozwiązałeś tego quizu